|
|
|
|
| LEADER |
00786cam a2200217 7i4500 |
| 001 |
0000034150 |
| 005 |
20170322090000.0 |
| 007 |
##ta |
| 008 |
170322s2016 mau eng |
| 040 |
# |
# |
|a MATR
|
| 090 |
0 |
0 |
|a M 621.3025595
|b ELE
|
| 245 |
0 |
0 |
|a TEEAM MEMBERS DIRECTORY :
|b 2015-2016.
|
| 264 |
# |
1 |
|a Kuala Lumpur:
|b The Electrical and Electronics Association of Malaysia,
|c 2016.
|
| 300 |
# |
# |
|a 196 pages;
|c 30 cm.
|
| 336 |
# |
# |
|a text
|2 rdacontent
|
| 337 |
# |
# |
|a unmediated
|2 rdamedia
|
| 338 |
# |
# |
|a volume
|2 rdacarrier
|
| 650 |
# |
0 |
|a Electronic industries --
|x Directories --
|z Malaysia
|
| 650 |
# |
0 |
|a Electric Industries --
|x Directories --
|z Malaysia
|
| 710 |
1 |
# |
|a The Electrical and Electronics Association of Malaysia
|
| 999 |
|
|
|a 0000037818
|b Directories
|c Malaysia
|e Business Information Centre
|